Využití oblastního vodohospodářského dispečinku povodí Ohře v automatizovaném provozu při řízení mimořádných hydrologických situací

Bibliographic Details
Main Author: Tuček, M. (Author)
Format: Article
Language:Czech
PhysicalDescription:Mp. 1.
Subjects:

MARC

LEADER 00000nab a2200000 a 4500
001 vtls000372585
003 SK-MaSNL
005 20260303234520.0
008 160201c1988 xo 0 cze
015 |a SNBRA19rr/mm-uuuuu 
035 |a CL0372707 
040 |a SNKBUCL  |b slo  |c SNKBUCL  |e AACR2 
041 0 |a cze 
044 |a xo  |c SK 
080 |a 627.12(437.157):681.518  |2 1981 
080 |a 681.518  |2 1981 
100 1 |a Tuček, M.  |4 aut  |9 380587 
245 1 0 |a Využití oblastního vodohospodářského dispečinku povodí Ohře v automatizovaném provozu při řízení mimořádných hydrologických situací  |c M. Tuček 
300 |b Mp. 1. 
650 0 7 |a vodné hospodárstvo  |2 snkbucl  |9 759 
650 0 7 |a Ohře (rieka)  |2 snkbucl  |9 1272224 
650 0 7 |a systémy automatizované informačné  |2 snkbucl  |9 934288 
655 7 |a články zo zborníkov  |2 snkbucl  |9 166140 
773 0 |t Automatizované systémy riadenia vo vodnom hospodárstve  |d Bratislava : Dom techniky ČSVTS, 1988  |g S. 27-28 
850 |a Slovenská národná knižnica v Martine  |a MTA001 
852 |a SNK  |b KIS3GCP 
958 |a RK 
958 |a CZ 
992 |a RZB 
999 |c 2521149  |d 2523079